000 00879nam a2200241 a 4500
001 000017062
005 20240307073946.0
008 100317s1991 dr a 000 0 spa d
040 _aDO-SdBNP
_bspa
_cBNPHU
082 _a627.13
_bR173h
100 1 _aRamírez Pérez, Franklin
_937642
245 1 0 _aHidraúlica de canales /
_cFranklin Ramírez Pérez.
260 _aSanto Domingo :
_bUASd,
_c1991.
300 _a385 p. :
_bil. ;
_c22 cm.
490 1 _aPublicaciones de la Universidad Autónoma de Santo Domingo
_v640
490 1 _aCiencia y tecnología
_v26
500 _aIncluye datos biográficos del autor
650 4 _aCanales
_x(ingenieria hidraulica)
_937643
710 1 _aUniversidad Autónoma de Santo Domingo
_972951
830 0 _aPublicaciones de la Universidad Autónoma de Santo Domingo
_n640
_937644
830 0 _aCiencia y tecnología
_n26
_937645
049 _aBNPD
999 _c16588
_d16588